00521nam a2200145Ia 4500008004100000020005500041040000800096082001500104100002700119245005100146264004600197942001300243952010400256999001500360231129s9999||||xx |||||||||||||| ||spa|| a978-958-753-024-7  bspa a898.1 J32d aJamioy Juagibioy Hugo 0aDanzantes del viento = Bí­nybe oboyejuayeng aBogotá Colombia: Ministerio de Cultura 2ddccBKS 00102ddc4070aBRCbBRCd2013-01-25l0o898.1 J32dp33112r2023-11-29 21:06:03t1w2023-11-29yBK c8703d8703